000 00225nam a22001097a 4500
082 _a516 BIN'G
100 _aBINNS, H
_915657
245 _aGEOMETRICAL DRAWING
260 _aLONDON
_bEUP
_c1958
300 _a145P
942 _cBK
999 _c569710
_d569710